[Event "European Cities & Towns Chess Championship - Women"]
[Site "Central Europe"]
[Date "2023.01.29"]
[Round "9.4.1"]
[White "Cvitan, Ena"]
[Black "Gkoutzouki, Aikaterini Argyro"]
[Result "1-0"]
[WhiteElo "2301"]
[BlackElo "1742"]
[BlackCountry "GR"]
[BlackFideId "25838105"]
[BlackTeam "Corfu, Greece"]
[WhiteCountry "HR"]
[WhiteFideId "14534215"]
[WhiteTeam "Rijeka"]
[WhiteTitle "FM"]

1. d4 d5 2. c4 e6 3. Nc3 Be7 4. cxd5 exd5 5. Bf4 c6 6. e3 Bf5 7. Bd3 Bxd3 
8. Qxd3 Bd6 9. Nf3 Nf6 10. O-O Bxf4 11. exf4 O-O 12. Ne5 Nbd7 13. Rfe1 Re8
14. Re3 Nxe5 15. fxe5 Nd7 16. Rh3 h6 17. Rg3 Nf8 18. Qd2 Re6 19. f4 Rg6 
20. Rxg6 Nxg6 21. f5 Nf8 22. Rf1 Qg5 23. Qf2 Re8 24. h3 g6 25. fxg6 Qxg6 
26. Qh4 Qg5 27. Qf2 Qg6 28. Ne2 Ne6 29. Ng3 Ng7 30. Kh2 c5 31. dxc5 Rxe5 
32. Qd4 Qe6 33. b4 h5 34. a4 Rg5 35. Qf4 Qg6 36. Rf2 Ne6 37. Qb8+ Kg7 38. 
Qd6 h4 39. Ne2 Qe4 40. Nf4 Nxf4 41. Qxf4 Qxf4+ 42. Rxf4 Rh5 43. b5 d4 44. 
Rxd4 Rxc5 45. Rxh4 a6 46. bxa6 bxa6 47. Rf4 a5 48. h4 Rd5 49. Kh3 Kg6 50. 
g3 Re5 51. Kg4 f5+ 52. Kf3 Rc5 53. Rd4 Rc3+ 54. Kf4 Ra3 55. Rd6+ Kh5 56. 
Kxf5 Rxg3 57. Ra6 Rf3+ 58. Ke4 Ra3 59. Rxa5+ Kxh4 60. Kd4 Kg4 61. Ra8 Kf5 
62. Kd5 Rd3+ 63. Kc4 Ra3 64. Kc5 Ke6 65. Ra7 Ra1 66. a5 Rc1+ 67. Kb6 Kd6 
68. Rh7 Rb1+ 69. Ka7 Kc6 70. Rh6+ Kc7 71. Rb6 Ra1 72. a6 Ra2 73. Rb7+ Kc8 
74. Rb3 Kc7 75. Rc3+ Kd8 76. Rc5 Rb2 77. Rc6 Kd7 78. Rb6 Ra2 79. Kb7 Rc2 
80. a7 Rc7+ 81. Ka6 Rc2 82. a8=Q Ra2+ 83. Kb7 Rxa8 84. Kxa8 1-0

[Event "European Cities & Towns Chess Championship - Women"]
[Site "Central Europe"]
[Date "2023.01.29"]
[Round "9.4.2"]
[White "Sklavounou, Kalliopi"]
[Black "Vujnovic, Patricija"]
[Result "0-1"]
[WhiteElo "1375"]
[BlackElo "2130"]
[BlackCountry "HR"]
[BlackFideId "14502313"]
[BlackTeam "Rijeka"]
[BlackTitle "WFM"]
[WhiteCountry "GR"]
[WhiteFideId "25839250"]
[WhiteTeam "Corfu, Greece"]

1. Nf3 Nf6 2. g3 d5 3. Bg2 e6 4. O-O Be7 5. c4 O-O 6. d4 dxc4 7. Qc2 a6 8.
 Qxc4 b5 9. Qc2 Bb7 10. Bd2 Be4 11. Qc1 Nbd7 12. Nc3 Bb7 13. Re1 c5 14. e4
cxd4 15. Nxd4 Ne5 16. Be3 Nd3 17. Qd2 Nxe1 18. Rxe1 b4 19. Na4 Bxe4 20. 
Bxe4 Nxe4 21. Qc2 Nf6 22. Nc6 Qe8 23. Nb6 Bd6 24. Nxa8 Qxa8 25. Nd4 Nd5 
26. Nf3 Rc8 27. Qd2 Nxe3 28. Rxe3 Bf8 29. Rd3 Qc6 30. Ne5 Qc7 31. f4 Qc1+ 
32. Qxc1 Rxc1+ 33. Kf2 Rc2+ 34. Ke3 f6 35. Nc6 Rxc6 0-1

[Event "European Cities & Towns Chess Championship - Women"]
[Site "Central Europe"]
[Date "2023.01.29"]
[Round "9.4.3"]
[White "Berke, Ana"]
[Black "Sklavounou, Iliana"]
[Result "1-0"]
[WhiteElo "2108"]
[BlackElo "1296"]
[BlackCountry "GR"]
[BlackFideId "25829238"]
[BlackTeam "Corfu, Greece"]
[WhiteCountry "HR"]
[WhiteFideId "14510359"]
[WhiteTeam "Rijeka"]
[WhiteTitle "WIM"]

1. e4 c5 2. Nf3 d6 3. d4 cxd4 4. Nxd4 Nf6 5. f3 e5 6. Nb3 Be7 7. Be3 O-O 
8. c4 Nc6 9. Nc3 Be6 10. Be2 Rc8 11. Rc1 Na5 12. Nxa5 Qxa5 13. O-O Bxc4 
14. Bxc4 Rc5 15. Nd5 Nxd5 16. Bxd5 Rxc1 17. Qxc1 b6 18. Qc3 Qb5 19. Rc1 
Qd7 20. Qc7 Qxc7 21. Rxc7 Bh4 22. g3 Bf6 23. Rxa7 1-0

[Event "European Cities & Towns Chess Championship - Women"]
[Site "Central Europe"]
[Date "2023.01.29"]
[Round "9.4.4"]
[White "Vlahopoulou, Valeria"]
[Black "Kukic, Lora"]
[Result "0-1"]
[WhiteElo "1000"]
[BlackElo "1945"]
[BlackCountry "HR"]
[BlackFideId "14520699"]
[BlackTeam "Rijeka"]
[WhiteTeam "Corfu, Greece"]

1. e4 c5 2. Nf3 d6 3. Bc4 e6 4. Nc3 Nc6 5. d4 cxd4 6. Nxd4 Nf6 7. Nf3 Be7 
8. O-O O-O 9. Re1 a6 10. Bg5 b5 11. Bb3 Bb7 12. Qd2 Qc7 13. Rad1 Rfd8 14. 
Qf4 Ne5 15. Qg3 b4 16. Na4 Nxe4 17. Qf4 Nxf3+ 18. Qxf3 Nxg5 19. Qg4 d5 20.
 Rd3 Ne4 21. Rh3 Bf6 22. Rh6 Qe5 23. f4 Qd4+ 24. Kh1 Nf2+ 25. Kg1 Nh3+ 26.
 Kf1 Qf2# 0-1

[Event "European Cities & Towns Chess Championship - Women"]
[Site "Central Europe"]
[Date "2023.01.29"]
[Round "9.5.1"]
[White "Lehaci, Miruna-Daria"]
[Black "Caku, Kler"]
[Result "1-0"]
[WhiteElo "2154"]
[BlackElo "1656"]
[BlackCountry "AL"]
[BlackFideId "4704703"]
[BlackTeam "TEUTA - Durres Albania"]
[WhiteCountry "RO"]
[WhiteFideId "1234765"]
[WhiteTeam "Iasi"]
[WhiteTitle "WIM"]

1. d4 d5 2. Bf4 e6 3. e3 Nf6 4. Qf3 c5 5. Nc3 a6 6. h4 cxd4 7. exd4 Bb4 8.
 Ne2 Ne4 9. a3 Bxc3+ 10. Nxc3 Nxc3 11. Qxc3 Nc6 12. O-O-O Bd7 13. Qg3 O-O 
14. h5 Qf6 15. Bg5 Qf5 16. Bd3 Nxd4 17. Rhe1 Rac8 18. Bxf5 Nxf5 19. Qb3 f6
20. Bf4 b5 21. g4 Ne7 22. g5 e5 23. gxf6 gxf6 24. Bh6 Rf7 25. f4 e4 26. 
Rg1+ Kh8 27. Rxd5 Be6 28. Rd8+ Rxd8 29. Qxe6 Ng8 30. Qxf7 Nxh6 31. Qg7# 
1-0

[Event "European Cities & Towns Chess Championship - Women"]
[Site "Central Europe"]
[Date "2023.01.29"]
[Round "9.5.2"]
[White "Paja, Valdete"]
[Black "Obada, Ema"]
[Result "0-1"]
[WhiteElo "1257"]
[BlackElo "2106"]
[BlackCountry "RO"]
[BlackFideId "1234803"]
[BlackTeam "Iasi"]
[BlackTitle "WCM"]
[WhiteCountry "AL"]
[WhiteFideId "4707761"]
[WhiteTeam "TEUTA - Durres Albania"]

1. Nf3 Nf6 2. h3 d5 3. d3 c5 4. a3 Nc6 5. b3 e5 6. Bb2 Bd6 7. Nbd2 O-O 8. 
c3 h6 9. e4 Re8 10. exd5 Nxd5 11. c4 Nf4 12. Ne4 Bf8 13. Qd2 Qb6 14. Qc3 
f5 15. Ned2 e4 16. dxe4 fxe4 17. Nh2 Nd4 18. O-O-O Nfe2+ 19. Bxe2 Nxe2+ 
20. Kc2 Nxc3 21. Bxc3 Bf5 22. Kb2 e3 23. fxe3 Rxe3 24. Rhe1 Rae8 25. Rxe3 
Rxe3 26. Nhf1 Rxc3 27. Kxc3 Qf6# 0-1

[Event "European Cities & Towns Chess Championship - Women"]
[Site "Central Europe"]
[Date "2023.01.29"]
[Round "9.5.3"]
[White "Andries, Alexia"]
[Black "Ndreko, Ailin"]
[Result "1-0"]
[WhiteElo "1567"]
[BlackElo "1256"]
[BlackCountry "AL"]
[BlackFideId "4705807"]
[BlackTeam "TEUTA - Durres Albania"]
[WhiteCountry "RO"]
[WhiteFideId "1267272"]
[WhiteTeam "Iasi"]

1. d4 d5 2. c4 Nf6 3. Nc3 e6 4. Nf3 Be7 5. e3 O-O 6. Bd3 Nbd7 7. O-O c5 8.
 Re1 Nb6 9. b3 Bd7 10. Bb2 Bc6 11. Rc1 Rc8 12. Nb5 a6 13. Na7 Ra8 14. Nxc6
bxc6 15. Ba3 cxd4 16. Bxe7 Qxe7 17. exd4 c5 18. cxd5 cxd4 19. dxe6 fxe6 
20. Nxd4 e5 21. Nc6 Qd7 22. Nxe5 Qd5 23. Nc4 Nbd7 24. Nd6 Nc5 25. Bc4 Qxc4
26. Rxc4 Ncd7 27. Rc7 Rad8 28. Re7 h6 29. Qc1 Nd5 30. Qc4 Nf6 31. Qxd5+ 
Kh8 32. Nf7+ Kh7 33. Qf5+ Kg8 34. Nxh6+ Kh8 35. h3 Rd1+ 36. Kh2 Ng4+ 37. 
Qxg4 Rf7 38. Nxf7+ Kg8 39. Nh6+ Kf8 40. Qxg7# 1-0

[Event "European Cities & Towns Chess Championship - Women"]
[Site "Central Europe"]
[Date "2023.01.29"]
[Round "9.6.1"]
[White "Pica, Eleni"]
[Black "Stefanidi, Maria-Anna"]
[Result "0-1"]
[WhiteElo "1048"]
[BlackElo "1955"]
[BlackCountry "GR"]
[BlackFideId "4207750"]
[BlackTeam "Kallithea - Athens"]
[BlackTitle "WFM"]
[Termination "time forfeit"]
[WhiteCountry "CY"]
[WhiteFideId "5910005"]
[WhiteTeam "Nicosia"]

1. d4 f5 2. Nf3 Nf6 3. Bf4 g6 4. e3 Bg7 5. Bd3 d6 6. O-O e6 7. c4 Qe7 8. 
Nc3 Nbd7 9. Bg3 O-O 10. e4 Nh5 11. Bh4 Bf6 12. Bxf6 Ndxf6 13. exf5 gxf5 
14. Re1 Qg7 15. Qd2 Kh8 16. Qg5 Qf7 17. Re2 Rg8 18. Qd2 Qg7 19. g3 Qg4 20.
 Qe3 f4 21. h3 Qxh3 22. Qc1 Nxg3 23. fxg3 Qxg3+ 24. Kf1 Qxf3+ 25. Rf2 
Qxd3+ 26. Ne2 e5 27. dxe5 dxe5 28. Qc3 Qxc3 29. Nxc3 Bh3+ 30. Ke2 Rad8 31.
 Rc1 Bg4+ 32. Kf1 Nh5 33. Ne4 Bf5 34. Nd2 Ng3+ 35. Ke1 Ne4 36. Nxe4 Bxe4 
37. Re2 Bc6 38. Rxe5 Rg1+ 39. Kf2 Rxc1 40. Rf5 Rc2+ 41. Ke1 Bf3 0-1

[Event "European Cities & Towns Chess Championship - Women"]
[Site "Central Europe"]
[Date "2023.01.29"]
[Round "9.6.2"]
[White "Tsouba, Maria"]
[Black "Antoniou, Evalena"]
[Result "1-0"]
[WhiteElo "1672"]
[BlackElo "1000"]
[BlackCountry "CY"]
[BlackFideId "5908744"]
[BlackTeam "Nicosia"]
[WhiteCountry "GR"]
[WhiteFideId "4231643"]
[WhiteTeam "Kallithea - Athens"]

1. e4 e5 2. Nf3 Nc6 3. Bb5 a6 4. Ba4 b5 5. Bb3 Nf6 6. O-O Bc5 7. d3 O-O 8.
 Be3 h6 9. c3 Bb6 10. Nbd2 d6 11. h3 Be6 12. Bc2 Qe7 13. Re1 d5 14. Bxb6 
cxb6 15. exd5 Bxd5 16. Bb3 Be6 17. Nxe5 Nxe5 18. Rxe5 Qd6 19. d4 b4 20. 
Bxe6 fxe6 21. Qb3 a5 22. Rae1 Rae8 23. Nc4 Qc6 24. Nd2 Qd6 25. Nf3 Qc6 26.
 Rxe6 Rxe6 27. Rxe6 Qc8 28. Rc6+ Nd5 29. Qxd5+ Kh8 30. Rxc8 Rxc8 31. cxb4 
axb4 32. Qb5 Rb8 33. Qxb4 b5 34. d5 Rf8 35. Qxf8+ Kh7 36. Qb4 g6 37. Qxb5 
g5 38. Nxg5+ hxg5 39. d6 Kg6 40. d7 Kh6 41. d8=R Kh5 42. Rh8+ Kg6 43. Qd3+
Kg7 44. Rh5 Kf6 45. Qd5 Kg6 46. Qxg5+ Kf7 47. Rh6 Kf8 48. Rh7 Ke8 49. Qg8#
1-0

[Event "European Cities & Towns Chess Championship - Women"]
[Site "Central Europe"]
[Date "2023.01.29"]
[Round "9.6.3"]
[White "Drakoularakou, Evangelia"]
[Black "Zarkada, Athina"]
[Result "0-1"]
[WhiteElo "1000"]
[BlackElo "1219"]
[BlackCountry "GR"]
[BlackFideId "25890239"]
[BlackTeam "Kallithea - Athens"]
[WhiteTeam "Nicosia"]

1. d4 d5 2. Nf3 Nf6 3. Nc3 c5 4. dxc5 Nc6 5. e3 Bg4 6. h3 Bh5 7. Bb5 e6 8.
 O-O Bxc5 9. Nd2 Bxd1 10. Rxd1 O-O 11. a3 Qd6 12. b4 Bb6 13. e4 Bc7 14. 
exd5 Nxd5 15. Nce4 Qh2+ 16. Kf1 Qh1+ 17. Ke2 Nf4+ 18. Ke3 Nxg2+ 19. Ke2 
Nf4+ 20. Ke3 Qxd1 21. Ng3 Qxc2 22. Bc4 Ne5 23. Kd4 Nxc4 24. Nxc4 Qd3+ 25. 
Kc5 a6 26. Ra2 Qd5# 0-1

[Event "European Cities & Towns Chess Championship - Women"]
[Site "Central Europe"]
[Date "2023.01.29"]
[Round "9.6.4"]
[White "Giannakopoulou, Sotiria"]
[Black "Miltiadou, Danai"]
[Result "1/2-1/2"]
[WhiteElo "1000"]
[BlackElo "1000"]
[BlackCountry "CY"]
[BlackFideId "5906865"]
[BlackTeam "Nicosia"]
[WhiteCountry "GR"]
[WhiteFideId "25883763"]
[WhiteTeam "Kallithea - Athens"]

1. e4 e5 2. Nf3 Nc6 3. Nc3 Bb4 4. Bc4 Nf6 5. d3 d6 6. h3 Be6 7. Bxe6 fxe6 
8. Bd2 d5 9. O-O Bxc3 10. Bxc3 dxe4 11. dxe4 Nxe4 12. Qe2 Nxc3 13. bxc3 
Qd6 14. Rad1 Qc5 15. c4 Nd4 16. Nxd4 exd4 17. Qxe6+ Qe7 18. Qxe7+ Kxe7 19.
 Rfe1+ Kf7 20. Rxd4 Rad8 21. Rf4+ Kg6 22. Re3 h6 23. Rg3+ Kh7 24. Rf7 Rhg8
25. Rxc7 Rd2 26. Rxb7 Rxc2 27. Rc7 Rxa2 28. c5 Rc2 29. c6 a5 30. Ra7 Rxc6 
31. Rxa5 Rg6 32. Rb3 Re6 33. f4 Rf6 34. f5 Rgf8 35. Rbb5 g6 36. fxg6+ Rxg6
37. Ra7+ Rg7 38. Rxg7+ Kxg7 39. Rb7+ Rf7 40. Rxf7+ Kxf7 41. Kh2 Kg6 42. g3
h5 43. g4 h4 44. Kg2 Kh6 45. Kf3 Kg5 46. Ke4 Kf6 47. Kf4 Kg6 48. g5 Kh5 
49. Kf5 1/2-1/2

[Event "European Cities & Towns Chess Championship - Youth"]
[Site "Central Europe"]
[Date "2023.01.29"]
[Round "1.1.1"]
[White "Kuru, Atilla"]
[Black "Molchanov, Roman"]
[Result "1-0"]
[WhiteElo "2054"]
[BlackElo "1329"]
[BlackCountry "UA"]
[BlackFideId "34131086"]
[BlackTeam "Lviv Chess Federation"]
[WhiteCountry "TR"]
[WhiteFideId "51607948"]
[WhiteTeam "Istanbul"]

1. e4 e5 2. f4 exf4 3. Nf3 g5 4. Nc3 g4 5. Ne5 d6 6. Nxg4 Be7 7. Bc4 Bh4+ 
8. Nf2 Nf6 9. O-O Rg8 10. Qf3 Bxf2+ 11. Rxf2 Nbd7 12. Qxf4 Rg4 13. Bxf7+ 
Kf8 14. Qf3 Kg7 15. Be6 Ne5 16. Qxf6+ Qxf6 17. Rxf6 Kxf6 18. Bxg4 Bxg4 19.
 d4 Nc6 20. Nd5+ Kf7 21. Nxc7 Rc8 22. Nb5 Ke7 23. Bg5+ Kd7 24. Bf4 a6 25. 
Nxd6 Rf8 26. Nf5 Bxf5 27. exf5 Rxf5 28. Be3 Nb4 29. Rc1 Nxa2 30. Rd1 Nb4 
31. c3 Nd5 32. Bd2 b5 33. Ra1 Rf6 34. g3 Kc7 35. Rf1 Re6 36. Rf7+ Kc6 37. 
Kf2 Nf6 38. Bf4 Ng4+ 39. Kg2 h5 40. h3 Ne3+ 41. Bxe3 Rxe3 42. Rf6+ Kb7 43.
 Kf2 Rd3 44. Re6 b4 45. Re3 Rd2+ 46. Re2 Rd3 47. Re7+ Kb6 48. Re6+ Kb7 49.
 Re5 bxc3 50. bxc3 Rxc3 51. Rxh5 Rd3 52. Rd5 Kc6 53. Rc5+ Kb6 54. h4 Rxd4 
55. Rc8 a5 56. h5 Rd6 57. g4 a4 58. Ra8 Kb5 59. g5 Rd5 60. g6 Rxh5 61. g7 
Rg5 62. g8=Q Rxg8 63. Rxg8 a3 64. Ke2 Kb4 65. Kd2 Kb3 66. Kc1 Ka2 67. Rg3 
Ka1 68. Rxa3# 1-0

[Event "European Cities & Towns Chess Championship - Youth"]
[Site "Central Europe"]
[Date "2023.01.29"]
[Round "1.1.2"]
[White "Gavker, Markiyan"]
[Black "Uzdemir, Ali Poyraz"]
[Result "0-1"]
[WhiteElo "1310"]
[BlackElo "1638"]
[BlackCountry "TR"]
[BlackFideId "51619733"]
[BlackTeam "Istanbul"]
[Termination "time forfeit"]
[WhiteCountry "UA"]
[WhiteFideId "34133810"]
[WhiteTeam "Lviv Chess Federation"]

1. e4 e5 2. Nf3 Nc6 3. Bc4 Bc5 4. O-O Nf6 5. d3 O-O 6. Nc3 h6 7. Be3 Bb6 
8. h3 d6 9. Re1 Be6 10. Bd5 Bxd5 11. Nxd5 Nxd5 12. exd5 Ne7 13. c4 f5 14. 
Qc2 Bxe3 15. fxe3 Qe8 16. e4 f4 17. d4 Ng6 18. dxe5 Nxe5 19. Nxe5 Qxe5 20.
 Rf1 Rae8 21. Rae1 Rf6 22. b3 f3 23. Rf2 Qg3 24. Qc3 Qh4 25. Re3 Rxe4 26. 
Rexf3 Rxf3 27. Qxf3 Re5 28. Qf4 Re1+ 29. Kh2 Qxf4+ 30. Rxf4 Re2 31. a4 g5 
32. Rf3 Kg7 33. Kg3 Kg6 34. Rd3 h5 35. Kf3 Rb2 36. g4 h4 37. Ke4 Re2+ 38. 
Kf3 Re5 39. Rc3 Kf6 40. Rd3 a5 41. Rc3 b6 42. Rd3 Re1 43. Rc3 Re5 44. Rd3 
Re1 45. Rc3 Rh1 46. Kg2 Rd1 47. Kf3 Ke5 48. Re3+ Kd4 49. Re4+ Kd3 50. Re3+
Kc2 51. Ke4 Rf1 52. Kd4 Rf4+ 53. Re4 Rf3 0-1

[Event "European Cities & Towns Chess Championship - Youth"]
[Site "Central Europe"]
[Date "2023.01.29"]
[Round "1.1.3"]
[White "Akkara, Omer"]
[Black "Hychkevych, Vitaliy"]
[Result "1/2-1/2"]
[WhiteElo "1443"]
[BlackElo "1251"]
[BlackCountry "UA"]
[BlackFideId "34127046"]
[BlackTeam "Lviv Chess Federation"]
[WhiteCountry "TR"]
[WhiteFideId "26319802"]
[WhiteTeam "Istanbul"]

1. Nf3 d5 2. e3 Nf6 3. b3 g6 4. Bb2 Bg7 5. c4 O-O 6. cxd5 Qxd5 7. Bc4 Qd8 
8. O-O Bg4 9. h3 Bd7 10. Nc3 a6 11. d4 b5 12. Bd3 Nc6 13. Re1 Nb4 14. Bb1 
Rc8 15. a3 Nc6 16. d5 Na7 17. e4 c6 18. e5 Nxd5 19. Nxd5 cxd5 20. Qxd5 Be6
21. Qxd8 Rfxd8 22. b4 Nc6 23. Be4 Bd5 24. Rac1 e6 25. Re2 Ne7 26. Bxd5 
Nxd5 27. Rec2 Rxc2 28. Rxc2 Nb6 29. Bd4 Nc4 30. a4 Bf8 31. axb5 axb5 32. 
Bc3 Rd1+ 33. Kh2 Rb1 34. Nd4 Bxb4 35. Nxb5 Bxc3 36. Nxc3 Re1 37. f4 Ne3 
38. Re2 Nf1+ 39. Kg1 Rc1 40. Kf2 Ng3 41. Kxg3 Rxc3+ 42. Kh4 Kg7 43. g3 h6 
44. Rg2 f6 45. exf6+ Kxf6 46. Kg4 h5+ 47. Kh4 Rc4 48. Rf2 e5 49. Rf3 Kf5 
50. g4+ Ke4 51. Rf1 exf4 52. gxh5 gxh5 53. Kxh5 Ke3 54. Kg4 Rc8 55. Rf3+ 
Ke4 56. Rxf4+ Ke5 57. Rf5+ Ke4 58. h4 Rg8+ 59. Rg5 Rf8 60. h5 Rf1 61. h6 
Rh1 62. Rh5 Rg1+ 1/2-1/2

[Event "European Cities & Towns Chess Championship - Youth"]
[Site "Central Europe"]
[Date "2023.01.29"]
[Round "1.1.4"]
[White "Korchevskyi, Volodymyr"]
[Black "Sahin, Zeynep Duru"]
[Result "0-1"]
[WhiteElo "1244"]
[BlackElo "1385"]
[BlackCountry "TR"]
[BlackFideId "51606550"]
[BlackTeam "Istanbul"]
[WhiteCountry "UA"]
[WhiteFideId "34157310"]
[WhiteTeam "Lviv Chess Federation"]

1. e4 e6 2. d4 d5 3. e5 c5 4. c3 Nc6 5. Nf3 Qb6 6. Bd3 Bd7 7. Bc2 cxd4 8. 
cxd4 Nb4 9. Nc3 Nxc2+ 10. Qxc2 Ne7 11. O-O Nf5 12. Be3 Bb4 13. a3 Bxc3 14.
 bxc3 O-O 15. Rab1 Qc7 16. Qb3 b6 17. Rfc1 Rac8 18. Bg5 h6 19. Be3 Nxe3 
20. fxe3 f6 21. Rc2 Be8 22. Rf1 Bg6 23. Rcc1 Bd3 24. Rf2 Be4 25. Nd2 f5 
26. Nxe4 fxe4 27. Rxf8+ Rxf8 28. Qc2 Qc4 29. Re1 Rc8 30. Rc1 b5 31. Kf2 
Rf8+ 32. Kg1 Rc8 33. Kf2 a5 34. Qd1 b4 35. axb4 axb4 36. Qg4 Qc6 37. Rc2 
bxc3 38. h4 Rf8+ 39. Kg3 Kh7 40. h5 Rf5 41. Qg6+ Kg8 42. Rxc3 Qxc3 43. 
Qxe6+ Rf7 44. Qe8+ Rf8 45. Qe6+ Kh8 46. Qd6 Qxe3+ 47. Kh2 Qf4+ 48. g3 Qf2+
49. Kh3 Qf1+ 50. Kh4 Qh1+ 51. Kg4 Qf3+ 52. Kh4 e3 53. e6 e2 54. e7 Qe4+ 
55. Kh3 Re8 0-1

[Event "European Cities & Towns Chess Championship - Youth"]
[Site "Central Europe"]
[Date "2023.01.29"]
[Round "1.2.1"]
[White "Gromosiak, Antonii"]
[Black "Sahin, Sarp"]
[Result "1/2-1/2"]
[WhiteElo "1735"]
[BlackElo "1841"]
[BlackCountry "TR"]
[BlackFideId "51605066"]
[BlackTeam "Ankara"]
[WhiteCountry "UA"]
[WhiteFideId "34121366"]
[WhiteTeam "Kyiv region"]

1. e4 c6 2. d4 d5 3. exd5 cxd5 4. Bd3 Nc6 5. c3 Nf6 6. h3 g6 7. Nf3 Bg7 8.
 O-O O-O 9. Bf4 Bf5 10. Ne5 Bxd3 11. Qxd3 Nd7 12. Nxd7 Qxd7 13. Re1 Rfe8 
14. Be5 Bxe5 15. dxe5 e6 16. Nd2 Red8 17. Nf3 b5 18. Nd4 Nxd4 19. cxd4 
Rdc8 20. Rec1 Rc6 21. Rc5 Rxc5 22. dxc5 d4 23. Rd1 Rd8 24. b4 a6 25. a3 
Qd5 26. f4 Kf8 27. Rd2 Qc4 28. Rd1 Ke7 1/2-1/2

[Event "European Cities & Towns Chess Championship - Youth"]
[Site "Central Europe"]
[Date "2023.01.29"]
[Round "1.2.2"]
[White "Yilmaz, Baver"]
[Black "Gromosiak, Oleksii"]
[Result "1-0"]
[WhiteElo "1779"]
[BlackElo "1312"]
[BlackCountry "UA"]
[BlackFideId "34137904"]
[BlackTeam "Kyiv region"]
[WhiteCountry "TR"]
[WhiteFideId "26363542"]
[WhiteTeam "Ankara"]

1. e4 c5 2. Nf3 d6 3. d4 cxd4 4. Nxd4 Nf6 5. Nc3 g6 6. Be3 Bg7 7. Be2 O-O 
8. O-O Nc6 9. Qd2 Bd7 10. Rad1 a6 11. f4 Rc8 12. Bf3 Bg4 13. Nxc6 Rxc6 14.
 e5 Bxf3 15. exf6 Bxd1 16. fxg7 Kxg7 17. Rxd1 Qc7 18. Nd5 Qd7 19. Qd4+ f6 
20. c4 Rfc8 21. Nb6 Rxb6 22. Qxb6 Rxc4 23. Qb3 b5 24. Qd3 Qe6 25. h3 Re4 
26. Bf2 Rxf4 27. Re1 Qd7 28. Qe3 e5 29. Qa7 Qxa7 30. Bxa7 Rb4 31. b3 a5 
32. Rd1 a4 33. Rxd6 axb3 34. axb3 Rxb3 35. Rd7+ Kh6 36. Kh2 g5 37. Bc5 e4 
38. g4 Rf3 39. Bf8+ Kg6 40. Rg7+ Kh6 41. Rg8# 1-0

[Event "European Cities & Towns Chess Championship - Youth"]
[Site "Central Europe"]
[Date "2023.01.29"]
[Round "1.2.3"]
[White "Chunikhin, Miron"]
[Black "Celebi, Mehmet Alper"]
[Result "1/2-1/2"]
[WhiteElo "1000"]
[BlackElo "1614"]
[BlackCountry "TR"]
[BlackFideId "51603934"]
[BlackTeam "Ankara"]
[WhiteCountry "UA"]
[WhiteFideId "34161325"]
[WhiteTeam "Kyiv region"]

1. e4 c5 2. Nf3 e6 3. Nc3 Nc6 4. Bb5 Nd4 5. O-O Nxb5 6. Nxb5 a6 7. Nc3 Nf6
8. d3 Be7 9. Bf4 O-O 10. Qd2 b5 11. Ne2 Bb7 12. Ng3 d5 13. e5 Nd7 14. Rfe1
Nb6 15. b3 Rc8 16. c3 c4 17. d4 b4 18. Rac1 a5 19. Bg5 Rc7 20. Rc2 Qd7 21.
 Bxe7 Qxe7 22. Ra1 Rfc8 23. Qg5 Qxg5 24. Nxg5 Ba6 25. Ne2 a4 26. Nf3 cxb3 
27. axb3 axb3 28. Rb2 Bxe2 29. Rxe2 bxc3 30. Rb1 c2 31. Rxc2 bxc2 32. Rc1 
Na4 33. h3 Nb2 34. Kh2 Nd3 35. Rxc2 Rxc2 36. Ng1 Rxf2 37. Nf3 Rcc2 38. Nh4
Nf4 39. Kg3 Nh5+ 40. Kg4 g6 41. g3 h6 42. Nxg6 fxg6 43. Kh4 Rfd2 44. g4 
Rxd4 1/2-1/2

[Event "European Cities & Towns Chess Championship - Youth"]
[Site "Central Europe"]
[Date "2023.01.29"]
[Round "1.2.4"]
[White "Ozugur, Bartu Okan"]
[Black "Andrey, Dudnikov"]
[Result "1-0"]
[WhiteElo "1177"]
[BlackElo "1000"]
[BlackTeam "Kyiv region"]
[WhiteCountry "TR"]
[WhiteFideId "26321289"]
[WhiteTeam "Ankara"]

1. e4 c5 2. Nf3 Nc6 3. d4 b6 4. dxc5 bxc5 5. Nc3 Rb8 6. Bc4 e5 7. Ng5 d5 
8. Bxd5 h6 9. Bxc6+ Bd7 10. Bxd7+ Qxd7 11. Qxd7+ Kxd7 12. Nxf7 Rh7 13. 
Nxe5+ Ke6 14. Bf4 g5 15. Bg3 Bd6 16. Nc4 Bxg3 17. hxg3 Nf6 18. O-O-O h5 
19. e5 Ng4 20. Rd6+ Ke7 21. Rhd1 Nxf2 22. Rd7+ Ke6 23. R1d6+ Kf5 24. Rxh7 
Kg4 25. e6 Kxg3 26. e7 Kxg2 27. Rxh5 Re8 28. Rxg5+ Kf3 29. Rg7 Ne4 30. 
Nxe4 Kxe4 31. Rd8 Rxe7 32. Rxe7+ Kf5 33. Rf8+ Kg6 34. Ne5+ Kg5 35. Rg7+ 
Kh6 36. Rg1 Kh7 37. Nf7 c4 38. Rh8# 1-0

[Event "European Cities & Towns Chess Championship - Youth"]
[Site "Central Europe"]
[Date "2023.01.29"]
[Round "1.3.1"]
[White "Gales, Randi-Ioan"]
[Black "Beber, Anja"]
[Result "1-0"]
[WhiteElo "1911"]
[BlackElo "1591"]
[BlackCountry "SI"]
[BlackFideId "14642255"]
[BlackTeam "Ljubljana U12"]
[WhiteCountry "RO"]
[WhiteFideId "1285360"]
[WhiteTeam "CSM Galati"]

1. d4 Nf6 2. c4 e6 3. Nc3 Bb4 4. a3 Bxc3+ 5. bxc3 O-O 6. f3 d6 7. e4 e5 8.
 Bd3 Nbd7 9. Ne2 c6 10. O-O Qe7 11. Ng3 Nb6 12. f4 exf4 13. Bxf4 Be6 14. 
Bg5 Nxc4 15. Bxf6 gxf6 16. Bxc4 Bxc4 17. Nf5 Qxe4 18. Nxd6 Qe3+ 19. Rf2 
Be6 20. Qf3 Qxf3 21. Rxf3 b5 22. Rxf6 Kg7 23. Raf1 a5 24. Ne4 Bc4 25. R1f4
Rac8 26. Rg4+ Kh8 27. Rh6 Rg8 28. Nf6 Rg7 29. Rg3 Be6 30. Rg5 Rd8 31. Rgh5
Bf5 32. Rxf5 Rd6 33. Re5 Rd8 34. Reh5 Rxg2+ 35. Kxg2 Kg7 36. Ng4 Rh8 37. 
Rg5+ Kf8 38. Rxc6 Ke7 39. Re5+ Kd7 40. d5 Rg8 41. Kf3 1-0

[Event "European Cities & Towns Chess Championship - Youth"]
[Site "Central Europe"]
[Date "2023.01.29"]
[Round "1.3.2"]
[White "Kartashov, Maksim"]
[Black "Leu, Dragos Stefan"]
[Result "0-1"]
[WhiteElo "1000"]
[BlackElo "1810"]
[BlackCountry "RO"]
[BlackFideId "1292730"]
[BlackTeam "CSM Galati"]
[WhiteCountry "SI"]
[WhiteFideId "14655446"]
[WhiteTeam "Ljubljana U12"]

1. e4 c5 2. d4 cxd4 3. Qxd4 Nc6 4. Qd1 d6 5. h3 Nf6 6. Nf3 a6 7. Nc3 e6 8.
 Bg5 Be7 9. Bc4 h6 10. Be3 b5 11. Bd3 Bb7 12. Qd2 Nb4 13. O-O-O Nxd3+ 14. 
Qxd3 b4 15. Na4 Bxe4 16. Qc4 Rc8 17. Qxa6 Rxc2+ 18. Kb1 Rc6+ 19. Qd3 Bxd3+
20. Rxd3 O-O 21. h4 Qa5 22. Bf4 Qxa4 23. g3 Ra8 24. a3 bxa3 25. bxa3 Qc2+ 
26. Ka1 Qxd3 27. Rb1 Qxa3# 0-1

[Event "European Cities & Towns Chess Championship - Youth"]
[Site "Central Europe"]
[Date "2023.01.29"]
[Round "1.3.3"]
[White "Mohonea, Alexandru"]
[Black "Kartashov, Nikita"]
[Result "1-0"]
[WhiteElo "1329"]
[BlackElo "1000"]
[BlackCountry "SI"]
[BlackFideId "14655454"]
[BlackTeam "Ljubljana U12"]
[Termination "time forfeit"]
[WhiteCountry "RO"]
[WhiteFideId "42205077"]
[WhiteTeam "CSM Galati"]

1. d4 d5 2. Nf3 Nc6 3. g3 Nf6 4. Bg2 Bf5 5. c4 e6 6. O-O Bd6 7. Nc3 O-O 8.
 Bg5 Be7 9. cxd5 exd5 10. Ne5 h6 11. Bxf6 Bxf6 12. f4 Be4 13. Nxe4 dxe4 
14. Nxc6 bxc6 15. Bxe4 Bxd4+ 16. Kh1 Rb8 17. Rb1 c5 18. b3 Qe7 19. Bf3 g5 
20. fxg5 hxg5 21. e4 Rb4 22. a3 Rb5 23. Qd3 a6 24. Bh5 Be5 25. Qd5 c4 26. 
Qxc4 Qxa3 27. Rxf7 Rxf7 28. Qxf7+ Kh8 29. Bg6 Bg7 30. Qe8+ Bf8 31. Qf7 Bg7
32. Qf3 Kg8 33. Rd1 Rb8 34. Qf7+ Kh8 35. Rd7 Rg8 36. Rxc7 Qa1+ 37. Kg2 
Qb2+ 38. Kh3 1-0